Di ambang maut
| Main Author: | |
|---|---|
| Format: | Book |
| Published: |
Kuala Lumpur :
PTS One Sdn. Bhd. ,
2008
|
| Series: | Kembar terpilih
|
| Subjects: |
MARC
| LEADER | 00000cam a2200000 7i4500 | ||
|---|---|---|---|
| 001 | 0000045134 | ||
| 005 | 20151222.0 | ||
| 008 | 150201 | ||
| 020 | |a 9789833654062 | ||
| 020 | |a 9833654061 | ||
| 090 | 0 | 0 | |a JF |b MAL |
| 100 | 1 | |a Meor Shariman | |
| 245 | 1 | 0 | |a Di ambang maut |c Meor Shariman |
| 260 | |a Kuala Lumpur : |b PTS One Sdn. Bhd. , |c 2008 | ||
| 300 | |a 172pg. : |b ill. ; |c 19cm. | ||
| 490 | 1 | |a Kembar terpilih | |
| 500 | |a Children ages 7-9 years old (orange) | ||
| 650 | 0 | |a Malay fiction | |
| 999 | |a 0001347088 |b Book |c Children Collection |e Cawangan AEON Kulaijaya | ||